Černé oči valčík : lidová píseň /

Hlavní autor: Thums, Josef, 1933-
Jazyk: Čeština
Vydáno: Křižanovice u Bučovic: Michal Steranka, c2000
Edice: Dechová hudba (Steranka)
Témata:
Fyzický popis: 18 hlasů; 14 x 20 cm
Hudebniny Hudebniny
Uloženo v:
LEADER 01072ncm a2200325 a 4500
001 000777573
003 CZ BrMZK
005 20181002132703.0
007 qu
008 050606s2000 xr dfadg cze d
028 0 0 |a DH 127  |b Michal Steranka 
040 |a BOA001  |b cze 
072 7 |a 784  |x Vokální hudba  |2 Konspekt  |9 9 
080 |a 784.4  |2 MRF 
080 |a 785.12  |2 MRF 
080 |a 78.087  |2 MRF 
100 1 |a Thums, Josef,  |d 1933-  |7 mzk2007382151  |4 arr 
245 1 0 |a Černé oči  |h [hudebnina]:  |b valčík : lidová píseň /  |c úpr.: Josef Thums 
254 |a Hlasy 
260 |a Křižanovice u Bučovic:  |b Michal Steranka,  |c c2000 
300 |a 18 hlasů;  |e 14 x 20 cm 
490 1 |a Dechová hudba ;  |v 127 
650 0 7 |a dechová hudba  |7 ph119353  |z Česko  |y 20.-21. stol.  |2 czenas 
650 0 4 |a polky (dechová hudba) 
655 7 |a hlasy  |7 fd186703  |2 czenas 
830 0 |a Dechová hudba (Steranka) 
910 |a BOA001  |b Mus1-1152.133 
990 |a MU 
991 |b 200507  |c NOV 
996 6 |b 2610249845  |c Mus1-1152.133  |l MZK  |r Sklad / do 1 hodiny  |n 1  |w 000777573  |u 000010  |a 1  |e BOA001  |j MZK50  |s P